00755nam a2200229 a 450000100060000000300080000600500170001400800410003102000150007203500170008703500200010404000220012404100080014608200280015424500820018226000470026430000260031150400490033758100540038665000580044070000270049854922BD-RJUL20211209080205.0161112r20052001enk b 001 0 eng d a0415238285 aBD-RjUL55044 a(OCoLC)46941087 aBDSbengcBD-RjUL aeng14a823.809223 bNIN 2005 04aThe nineteenth-century novel :ba critical reader /cedited by Stephen Regan. aLondon :bRoutledge,c2001 [reprint 2005]  axii, 573 p. ;c24 cm. aIncludes bibliographic references and index.8 aPublished in association with the Open University 0aEnglish Fictiony19th centuryxHistory and criticism.1 aRegan, Stephen,d1957-